Statistics for 250 Biggest urban areas in Western European countries

Click here to take the quiz!

General Stats

  • This quiz has been taken 115 times
  • The average score is 87 of 250

Answer Stats

#CountryPopulationUrban Area% Correct
1France10,659,489Paris
99%
3Germany2,413,500Cologne - Bonn
98%
4Germany2,405,400Hamburg
98%
5Austria2,187,682Vienna
98%
6Belgium2,025,914Brussels
98%
9France1,578,484Marseille - Aix-en-Provenece
98%
2Germany4,287,300Berlin
98%
7Germany1,960,000Munich
97%
8France1,620,331Lyon
97%
14Netherlands1,027,860Amsterdam
96%
24Netherlands798,015Rotterdam
96%
17France944,022Nice
96%
12Switzerland1,073,334Zurich
96%
10Germany1,470,000Frankfurt am Main
95%
15Belgium1,024,686Antwerp
93%
19France889,543Bordeaux
93%
37Switzerland501,316Geneva
90%
18France935,440Toulouse
90%
11Germany1,343,800Stuttgart
87%
26Germany779,700Dresden
87%
67Switzerland272,358Bern
86%
27Netherlands753,010The Hague
85%
25Germany781,500Hanover
85%
39France458,243Strasbourg
83%
21Germany885,800Bremen
83%
13France1,037,939Lille
81%
30Germany637,100Leipzig
79%
83Austria225,864Salzburg
77%
31France622,693Nantes
77%
54Netherlands345,960Utrecht
76%
16Germany975,200Dusseldorf
74%
28Belgium670,402Liège
73%
40Belgium455,302Ghent
72%
22Germany869,500Mannheim - Ludwigshafen - Heidelberg
71%
43France421,647Montpellier
71%
59Switzerland296,634Lausanne
70%
182Switzerland103,710Baden - Brugg
69%
94France199,802Brest
67%
45Switzerland412,986Basel
67%
34Germany535,600Aachen
66%
58Germany308,600Kiel
66%
55Austria337,621Graz
66%
57France326,863Rennes
65%
82Austria226,912Innsbruck
65%
119Luxembourg163,432Luxembourg
64%
35France510,368Grenoble
63%
78France241,591Dijon
62%
62France285,397Metz
62%
20Germany887,600Nurnberg - Erlangen
62%
79France237,883Le Havre
61%
63Netherlands285,355Eindhoven
61%
38France467,585Rouen
60%
29Germany650,800Saarbrücken - Neunkirchen
60%
165Netherlands115,070Maastricht
57%
77Germany243,500Freiburg im Breisgau
57%
93Netherlands200,900Groningen
57%
64France283,850Nancy
57%
186France100,997Calais
57%
32France565,951Toulon
57%
48Germany404,400Karlsruhe
54%
49Germany394,100Augsburg
54%
46Belgium410,148Charleroi
54%
88Germany217,300Rostock
53%
214Switzerland85,596Biel/Bienne
52%
50France372,308Saint-Étienne
52%
41Germany454,700Wiesbaden - Mainz
52%
113Germany173,200Ulm - Neu-Ulm
51%
53France352,873Tours
51%
66France275,933Orléans
51%
89France211,620Reims
51%
96France197,734Caen
50%
108Réunion (FR)177,684Saint-D{enis}
49%
115Belgium169,133Bruges
49%
175Germany109,000Wolfsburg
48%
73Germany245,100Lübeck
48%
42France453,296Avignon
48%
33Germany538,700Bielefeld - Güterloh
48%
218Germany84,000Neumünster
44%
61Germany288,700Münster
44%
68France264,704Clermont-Ferrand
43%
44Germany416,600Chemnitz
43%
81Germany233,200Magdeburg
43%
98Switzerland193,584Lucerne
43%
100Germany192,600Erfurt
43%
131Netherlands147,525Breda
41%
180Netherlands105,785Arnhem
40%
174French Guiana (FR)109,538C{ayenn}e
39%
118Réunion (FR)165,013Saint-P{ierre}
39%
122France162,106Amiens
38%
90France210,195Le Mans
38%
60Germany294,700Koblenz - Neuwied
38%
136Germany139,800Ingolstadt
37%
177Germany107,100Jena
37%
36France504,796Douai - Lens
37%
139Germany137,100Trier
37%
156Martinique (FR)125,036Fort-de-{France}
37%
95France198,682Perpignan
36%
129Netherlands148,185Enschede
36%
97France197,678Pau
36%
72Germany247,200Halle
36%
124Germany160,100Würzburg
36%
103France185,183Nîmes
35%
86Germany220,900Regensburg
33%
71Germany256,800Osnabrück
33%
91Netherlands204,990Tilburg
33%
155Switzerland127,482St. Gallen
33%
65Germany279,300Kassel
32%
190Belgium97,904Ostend
32%
106France183,879Limoges
32%
23Germany851,700Wuppertal
32%
140Germany136,800Bremerhaven
31%
126Netherlands155,730Nijmegen
31%
76France246,693Mulhouse
31%
70Netherlands256,825Mons
30%
51Germany367,000Mönchengladbach
30%
154France127,813La Rochelle
30%
84France222,579Angers
30%
123Belgium161,971Namur
29%
85Germany222,700Oldenburg
29%
184Germany102,500Cottbus
29%
153France128,449Poitiers
28%
143France135,268Besançon
28%
209France87,557Boulogne-sur-Mer
28%
99Netherlands192,925Haarlem
28%
202Belgium91,784Genk
28%
101Germany190,500Darmstadt
28%
114Réunion (FR)172,548Saint-P{aul}
27%
242France79,804Quimper
27%
158Switzerland120,225Lugano
27%
157Germany124,200Göttingen
27%
152France128,461Valence
26%
172Germany110,200Kaiserslautern
24%
170Austria113,151Klagenfurt
24%
105Belgium185,050Leuven
24%
185Germany101,000Flensburg
23%
74Belgium240,356Leiden
22%
144France135,258Troyes
22%
198France93,858Colmar
22%
117France166,143Annecy
22%
116Netherlands166,645Almere
22%
210France87,137Arras
21%
130Belgium148,095Kortrijk
21%
205France90,402Béziers
21%
162Switzerland118,897Winterthur
21%
75Germany237,300Brunswick
20%
220France83,581Cherbourg-Octeville
20%
121Germany163,000Paderborn
20%
151Germany128,700Zwickau
20%
141Netherlands136,765Apeldoorn
20%
69Guadeloupe (FR)256,888Pointe-à-{Pitre}
20%
80France234,192Bayonne
19%
188Netherlands99,300Alkmaar
19%
56France335,582Valenciennes
19%
192Netherlands96,135Zwolle
19%
222France82,953Bourges
18%
133Belgium144,412Mechelen
18%
111Germany174,700Heilbronn
18%
102France186,355Chambéry
17%
109France177,542Dunkerque
17%
203Netherlands91,445Leeuwarden
17%
199Germany93,600Gera
17%
138Belgium137,333Hasselt
17%
107Germany178,900Hamm
17%
132Netherlands144,915Amersfoort
16%
228Netherlands81,715Venlo / Blerick / Tegelen
16%
163Belgium118,241Anderlecht
16%
176France108,851Angoulême
16%
167France114,350Lorient
16%
243France78,374Vannes
16%
246France76,624Montauban
15%
215Germany85,500Worms
15%
125Netherlands156,595's-Hertogenbosch
15%
134Germany142,400Pforzheim
15%
235Germany80,700Bayreuth
15%
87Netherlands217,980Dordrecht
15%
224Germany82,700Fulda
14%
183Germany102,700Gießen
14%
206France89,112Chartres
14%
196France94,317Vienne
13%
249Switzerland74,968Thun
13%
169Switzerland113,636Zug
13%
239Switzerland80,222Vevey - Montreux
13%
216Belgium84,859Aalst
13%
230France81,605Belfort
13%
189Germany98,400Lüneburg
13%
136Germany139,800Rosenheim
13%
92Germany202,200Siegen
13%
147France133,076Thionville
12%
234Belgium80,719La Louvière
12%
128France151,286Saint-Nazaire
12%
223Belgium82,729Turnhout
11%
204Belgium90,617Tournai
11%
232France81,086Agen
11%
250France74,803Brive-la-Gaillarde
11%
127Germany154,600Reutlingen
11%
187Belgium100,904Verviers
11%
197Belgium94,130Sint-Niklaas
10%
181Germany105,400Aschaffenburg
10%
227Germany82,000Wilhelmshaven
10%
241Netherlands80,065Hilversum
9%
235Germany80,700Kempten
9%
110Netherlands174,740Heerlen
9%
201France91,814Sète
9%
226Netherlands82,150Deventer
7%
168Germany114,200Minden
7%
247France75,680Tarbes
7%
135Germany140,100Gummersbach
7%
211Belgium86,244Ixelles
7%
149Germany132,900Göppingen
6%
178France106,439Montbéliard
6%
120Austria163,280Bregenz
6%
148Belgium133,042Schaarbeek
6%
179Germany106,200Hildesheim
6%
200Germany92,200Landshut
6%
193France95,400Fréjus
6%
164Germany116,200Düren
6%
195France94,440Alès
5%
231Germany81,200Lörrach - Weil am Rhein
5%
238Germany80,400Wetzlar
5%
194France94,510Saint-Brieuc
5%
245Belgium76,965Helmond
5%
159Netherlands121,460Zoetermeer
5%
171France112,199Maubeuge
5%
212Austria86,818Wels
5%
225Belgium82,307Uccle
4%
229Germany81,700Schweinfurt
4%
213Germany86,100Ravensburg - Weingarten
4%
112France174,566Annemasse
3%
233France80,728Draguignan
3%
240France80,098Roanne
3%
150Germany131,900Sindelfingen - Böblingen
3%
237Netherlands80,560Purmerend
3%
161France119,214Creil
3%
142Germany136,400Rüsselsheim am Main
2%
218Germany84,000Lüdenscheid
2%
52France355,764Béthune
2%
221Germany83,000Bad Salzuflen - Lage
2%
145Martinique (FR)134,929Le R{obert}
2%
146Germany134,400Nürtingen - Kirchheim unter Teck
1%
208France88,260Cluses
1%
191Belgium96,629Molenbeek-Saint-Jean
1%
248France75,410Thonon-les-Bains
1%
207Switzerland88,600Olten-Zofingen
1%
173Austria110,007Feldkirch
1%
166Netherlands114,400IJmuiden
1%
160Germany121,400Bad Oeynhausen - Löhne - Vlotho
1%
244France78,333Armentières
0%
104Germany185,100Herford - Bünde
0%
47Germany407,000Hagen - Iserlohn
0%
217France84,386Forbach
0%

Score Distribution

Percentile by Number Answered

Percent of People with Each Score

Your Score History

You have not taken this quiz